000 00817nam a2200205 i 4500
001 161788
003 ES-MaACL
005 20240301063057.0
008 021127s1891 sp |||| | spa d
040 _aCCPB | B
_bspa
_cCCPB | B
100 1 _aPérez de Guzmán y Gallo, Juan,
_d1841-1928
_990777
245 1 3 _aEl teniente D. Jacinto Ruiz y Mendoza /
_c[Juán Pérez de Guzmán].
260 _aMadrid :
_bimprenta de M. G. Hernández,
_c[s.a.]
300 _a20 p. ;
_c19 cm.
594 _aMención de responsabilidad tomada del final del texto.
596 _aTexto fechado al final de la obra en 1891.
600 2 4 _aRuiz y Mendoza, Jacinto-
_xHomenajes.
_9132194
852 _aES-MaACL
_jT-593-F-5
_z-- Enc. hol.
_q-- Falto de la cub. original
_z-- Enc. en un vol. facticio
999 _c161788
_d161788